000 01630cam a22002054a 4500
005 20250605164220.0
008 250528s ||||||||||||||||||||||||d
035 _a20638
020 _a750601760
040 _aGR-AtMCL
_bgre
_dGR-AtMCL
_eAACR2
245 1 _aPhysiotherapy / A Psychosocial Approach
250 _a1st
260 _bButterworth Heinemann,
_c1992
300 _a422
520 _aThis contemporary new text draws together contributions from the fields of psychology and sociology and applies them to physiotherapy practice. Preface, Society and the Changing Nature of Illness and Disease, Inequalities in Health, Sex and Gender and Health Care, Ethnicity and Health and Health Care, Ageism, Institutional or Community Living?, Ethical Decision-Making in Physiotherapy, Communication in Physiotherapy Practice, Clinical Interviewing, The Psychology and Sociology of Pain, Why Do People Become Patients?, Stress: Its Relation to Illness and Hospitalization and Work, Health and Health Education and Physiotherapy Practice, Defining Disability and Its Implications for Physiotherapy Practice, Death and Dying and Bereavement, Lay Beliefs about Health and Illness, Psychological Development of the Child: Its Implications for Physiotherapy Practice, Growing Older: Changes in Mental Performance, Teaching and Learning in the Clinical Setting, Psychological Aspects of Sports Injuries and Overtraining, Addiction, Psychophysiological and Somatoform Disorders, Cognitive and Perceptual Deficits Following Brain Damage, Index.
700 1 _aFrench Sally
_96156
942 _cBK
999 _c5727
_d5727